PRIMER INFORME DE RECTORÍA 1994-1995 (Registro nro. 68613)

Detalles MARC
000 -CABECERA
campo de control de longitud fija 00672nam a22002177a 4500
003 - IDENTIFICADOR DEL NÚMERO DE CONTROL
campo de control BPGM
005 - FECHA Y HORA DE LA ÚLTIMA TRANSACCIÓN
campo de control 20260703151141.0
008 - DATOS DE LONGITUD FIJA--INFORMACIÓN GENERAL
campo de control de longitud fija 260617e1995 mx ddddgr||||s001 | spa d
040 ## - FUENTE DE LA CATALOGACIÓN
Lengua de catalogación spa
Centro catalogador/agencia de origen BPGM
041 ## - CÓDIGO DE LENGUA
Código de lengua del texto/banda sonora o título independiente SPA
Código de lengua original SPA
082 04 - NÚMERO DE LA CLASIFICACIÓN DECIMAL DEWEY
Número de edición PRIMERA EDICIÓN
Número de clasificación 300
Número de documento/Ítem 099
100 ## - ENTRADA PRINCIPAL--NOMBRE DE PERSONA
Nombre de persona ZEPEDA GARRIDO, JOSÉ ALFREDO
Término indicativo de función/relación RECTOR
245 ## - MENCIÓN DE TÍTULO
Título PRIMER INFORME DE RECTORÍA 1994-1995
260 ## - PUBLICACIÓN, DISTRIBUCIÓN, ETC.
Lugar de publicación, distribución, etc. QUERÉTARO, MÉXICO
Nombre del editor, distribuidor, etc. UNIVERSIDAD AUTÓNOMA DE QUERÉTARO
Fecha de publicación, distribución, etc. 1995
300 ## - DESCRIPCIÓN FÍSICA
Extensión 147 PÁGINAS;
Dimensiones 27.7 cm. x 21.3 cm.
336 ## - TIPO DE CONTENIDO
Fuente rdacontent
Término de tipo de contenido texto
Código de tipo de contenido txt
337 ## - TIPO DE MEDIO
Fuente rdamedia
Nombre/término del tipo de medio sin mediación
Código del tipo de medio n
338 ## - TIPO DE SOPORTE
Fuente rdacarrier
Nombre/término del tipo de soporte volumen
Código del tipo de soporte nc
650 ## - PUNTO DE ACCESO ADICIONAL DE MATERIA--TÉRMINO DE MATERIA
Término de materia o nombre geográfico como elemento de entrada CIENCIAS SOCIALES.
942 ## - ELEMENTOS DE PUNTO DE ACCESO ADICIONAL (KOHA)
Fuente del sistema de clasificación o colocación Dewey Decimal Classification
Tipo de ítem Koha Colección Querétaro
Existencias
Estado de retiro Estado de pérdida Fuente del sistema de clasificación o colocación Estado dañado No para préstamo Código de colección Localización permanente Ubicación/localización actual Ubicación en estantería Fuente de adquisición Total de préstamos Signatura topográfica completa Fecha visto por última vez Número de copia Precio válido a partir de Tipo de ítem Koha
    Dewey Decimal Classification   Préstamo en Sala Colecciones Especiales (Quéretaro, IQM, Idiomas, SEP, Inea.) BIBLIOTECA PÚBLICA CENTRAL ESTATAL “FRANCISCO CERVANTES” BIBLIOTECA PÚBLICA CENTRAL ESTATAL “FRANCISCO CERVANTES” ACCESO "B" PLANTA ALTA DONACIÓN   CQ / 300 / 099 06/17/2026 EJ. 1 06/17/2026 Colección Querétaro